[Event "14. Lichtenberger Sommer"]
[Site "14. Lichtenberger Sommer"]
[Date "2015.08.15"]
[Round "1.105"]
[White "Franke, Philipp"]
[Black "Schleicher, Janek"]
[Result "1/2-1/2"]
[WhiteElo "1206"]
[BlackElo "2029"]
[PlyCount "78"]
[EventDate "2015.??.??"]
[WhiteTeam "SC Weisse Dame (Berlin)"]
[BlackTeam "SV Bürgel"]

1. d4 d5 2. c4 dxc4 3. e3 e5 4. Bxc4 exd4 5. exd4 Nc6 6. Nf3 Bb4+ 7. Nc3 Qe7+
8. Be3 Nf6 9. O-O O-O 10. Bg5 Bxc3 11. bxc3 Bg4 12. h3 Bh5 13. Re1 Qd6 14. Bd3
Rfe8 15. Be3 Nd5 16. Rc1 Nxe3 17. Rxe3 Rxe3 18. fxe3 Re8 19. e4 Qf4 20. Rb1 Nd8
21. Qf1 Re6 22. Ne5 Qd2 23. Qe1 Qxe1+ 24. Rxe1 Rb6 25. Nc4 Rc6 26. d5 Rc5 27.
Rc1 Bg6 28. Ne5 c6 29. Nxg6 hxg6 30. c4 b5 31. Rc2 bxc4 32. Rxc4 Rxc4 33. Bxc4
Kf8 34. Kf2 Ke7 35. Ke3 Kd6 36. Kf4 cxd5 37. exd5 Nb7 38. Ke4 Nc5+ 39. Kd4 Nd7
1/2-1/2

[Event "14. Lichtenberger Sommer"]
[Site "14. Lichtenberger Sommer"]
[Date "2015.08.15"]
[Round "1.106"]
[White "Lippianowski, Stefan"]
[Black "Schmalzried, Volker"]
[Result "0-1"]
[WhiteElo "1152"]
[BlackElo "1881"]
[PlyCount "42"]
[EventDate "2015.??.??"]
[WhiteTeam "SV Mattnetz Berlin"]
[BlackTeam "vereinslos"]

1. e4 c5 2. Bc4 Nc6 3. Nf3 Nf6 4. e5 Ng4 5. Qe2 e6 6. h3 Nh6 7. Nc3 Be7 8. d3
Nf5 9. Be3 O-O 10. g4 Nxe3 11. Qxe3 a6 12. Bb3 b5 13. Ne4 f5 14. Nxc5 fxg4 15.
Nd2 Bxc5 16. Qxc5 Qh4 17. O-O-O Bb7 18. hxg4 Qxg4 19. Rdg1 Qf4 20. Rh2 Qxh2 21.
Rf1 Qxe5 0-1

[Event "14. Lichtenberger Sommer"]
[Site "14. Lichtenberger Sommer"]
[Date "2015.08.15"]
[Round "1.108"]
[White "Allaart, Janne"]
[Black "Kreutzmann, Duke"]
[Result "0-1"]
[WhiteElo "1454"]
[BlackElo "1835"]
[PlyCount "52"]
[EventDate "2015.??.??"]
[WhiteTeam "HMC Den Bosch"]
[BlackTeam "Düsseldorfer SK"]

1. e4 e6 2. d4 d5 3. exd5 exd5 4. Nf3 Bd6 5. Nc3 Ne7 6. Bd3 Nbc6 7. O-O Bg4 8.
Be2 Qd7 9. Qd3 O-O-O 10. Nb5 f6 11. Qb3 g5 12. Be3 h5 13. h3 Be6 14. Nxd6+ Qxd6
15. a4 Rdg8 16. Qa3 Qd7 17. b4 g4 18. b5 gxf3 19. bxc6 Nxc6 20. Bxf3 Bxh3 21.
Kh2 Bg4 22. Bxg4 Qxg4 23. g3 h4 24. Bd2 hxg3+ 25. Kg1 Qh3 26. fxg3 Qh2# 0-1

[Event "14. Lichtenberger Sommer"]
[Site "14. Lichtenberger Sommer"]
[Date "2015.08.15"]
[Round "1.109"]
[White "Geldner, Gerrit"]
[Black "Straßburg, Robin"]
[Result "1/2-1/2"]
[WhiteElo "1777"]
[BlackElo "1105"]
[PlyCount "58"]
[EventDate "2015.??.??"]
[WhiteTeam "Schachunion Berlin"]
[BlackTeam "SC Eintracht Berlin e.V."]

1. c4 d5 2. cxd5 Qxd5 3. Nc3 Qa5 4. d4 c6 5. Nf3 Nf6 6. Bf4 Bf5 7. e3 Nbd7 8.
Bd3 Bg6 9. O-O e6 10. Ne5 Nxe5 11. Bxe5 Be7 12. Bxg6 hxg6 13. Qb3 Qb6 14. Qc4
Rd8 15. a3 Bd6 16. Bxd6 Rxd6 17. Na4 Qc7 18. h3 b5 19. Qc2 bxa4 20. Rfc1 Rd5
21. Qxa4 Ra5 22. Rxc6 Rxa4 23. Rxc7 O-O 24. Rac1 Rb8 25. Rc8+ Rxc8 26. Rxc8+
Kh7 27. Rc7 Kg8 28. Rc8+ Kh7 29. Rc7 Kg8 1/2-1/2

[Event "14. Lichtenberger Sommer"]
[Site "14. Lichtenberger Sommer"]
[Date "2015.08.15"]
[Round "1.110"]
[White "Scholz, Felix"]
[Black "Bonke, Hans-Jürgen"]
[Result "0-1"]
[WhiteElo "1100"]
[BlackElo "1962"]
[PlyCount "90"]
[EventDate "2015.??.??"]
[WhiteTeam "vereinslos"]
[BlackTeam "SC Kreuzberg"]

1. d4 g6 2. e4 Bg7 3. Ne2 d6 4. Be3 Nd7 5. g3 b6 6. c3 e6 7. Bg2 Bb7 8. O-O Ne7
9. Nd2 c5 10. Qb3 O-O 11. d5 exd5 12. exd5 Nf6 13. c4 Nf5 14. Bg5 h6 15. Bxf6
Qxf6 16. Rab1 Bc8 17. Ne4 Qd8 18. Rfe1 Rb8 19. Qc2 b5 20. b3 b4 21. Qd2 g5 22.
Bh3 Nxg3 23. Bxc8 Nxe4 24. Qd3 Nc3 25. Nxc3 Bxc3 26. Re2 Rxc8 27. Qf3 Qf6 28.
Qg3 Be5 29. Qh3 Rce8 30. Rbe1 Kg7 31. Qg4 Qf4 32. Qxf4 gxf4 33. Kg2 Kf6 34. f3
Rg8+ 35. Kh3 Rg5 36. Rg2 Reg8 37. Rxg5 Rxg5 38. Re2 Rg1 39. a3 bxa3 40. Ra2 Bb2
41. Kh4 Rh1 42. Kh3 Rg1 43. Kh4 Ra1 44. Rxa1 Bxa1 45. b4 cxb4 0-1

[Event "14. Lichtenberger Sommer"]
[Site "14. Lichtenberger Sommer"]
[Date "2015.08.15"]
[Round "1.111"]
[White "Sidabras, Jonas"]
[Black "Dittrich, Hans-Juergen"]
[Result "1-0"]
[WhiteElo "1819"]
[BlackElo "1401"]
[PlyCount "35"]
[EventDate "2015.??.??"]
[WhiteTeam "SC Kreuzberg"]
[BlackTeam "vereinslos"]

1. d4 d5 2. Nf3 Nc6 3. c4 e6 4. Nc3 Bb4 5. a3 Bxc3+ 6. bxc3 Nf6 7. Bg5 h6 8.
Bh4 g5 9. Bg3 Ne4 10. Qc2 Nxg3 11. hxg3 f5 12. g4 Qf6 13. gxf5 Qxf5 14. Qxf5
exf5 15. cxd5 Na5 16. Nxg5 Bd7 17. e3 O-O-O 18. Nf7 1-0

[Event "14. Lichtenberger Sommer"]
[Site "14. Lichtenberger Sommer"]
[Date "2015.08.15"]
[Round "1.112"]
[White "Hamm, Oliver"]
[Black "Nabel, Matthias"]
[Result "0-1"]
[WhiteElo "1413"]
[BlackElo "1802"]
[PlyCount "76"]
[EventDate "2015.??.??"]
[WhiteTeam "SC Eintracht Berlin e.V."]
[BlackTeam "SV Motor Wildau"]

1. d4 d5 2. Nf3 c6 3. e3 Bf5 4. Bd3 Bxd3 5. Qxd3 Nf6 6. b3 e6 7. Bb2 Nbd7 8.
Nbd2 Bd6 9. Ne5 Qe7 10. O-O O-O 11. f4 c5 12. Nxd7 Nxd7 13. Rf3 f5 14. Rg3 Nf6
15. dxc5 Bxc5 16. c4 Rad8 17. Qe2 Rf7 18. Rg5 d4 19. exd4 Rxd4 20. Bxd4 Bxd4+
21. Kh1 Bxa1 22. Qe3 Qd7 23. Nf3 Ne4 24. h3 Nxg5 25. fxg5 e5 26. Nxe5 Bxe5 27.
Qxe5 Re7 28. Qb8+ Re8 29. Qf4 Qe6 30. c5 Qe1+ 31. Kh2 Qe5 32. Qxe5 Rxe5 33. b4
a5 34. a3 Re3 35. b5 Rxa3 36. c6 bxc6 37. bxc6 Rc3 38. g6 hxg6 0-1

[Event "14. Lichtenberger Sommer"]
[Site "14. Lichtenberger Sommer"]
[Date "2015.08.15"]
[Round "1.113"]
[White "Baranowsky, Peter"]
[Black "Kriuckova, Sonia"]
[Result "1-0"]
[WhiteElo "1972"]
[BlackElo "1256"]
[PlyCount "75"]
[EventDate "2015.??.??"]
[WhiteTeam "SF 1903 Berlin"]
[BlackTeam "SV Empor Berlin"]

1. d4 Nf6 2. Nf3 g6 3. c4 c5 4. d5 b5 5. cxb5 a6 6. bxa6 Bxa6 7. Nc3 Bg7 8. g3
O-O 9. Bg2 Qc7 10. O-O d6 11. Re1 Nbd7 12. Qc2 Rfb8 13. e4 Rb7 14. Bd2 Rab8 15.
Rab1 Qa5 16. Na4 Qc7 17. Bf1 Bxf1 18. Rxf1 Ra7 19. Rfc1 Rba8 20. b3 Ng4 21. h3
Nge5 22. Nxe5 Nxe5 23. Kg2 Rb7 24. Nc3 e6 25. a4 exd5 26. Nxd5 Qc6 27. a5 f5
28. b4 fxe4 29. Qxe4 Rab8 30. b5 Rxb5 31. Ne7+ Kf8 32. Nxc6 Nxc6 33. Rxb5 Rxb5
34. Qxc6 Kg8 35. Qe8+ Bf8 36. Bh6 Rb8 37. Qxb8 d5 38. Qxf8# 1-0

[Event "14. Lichtenberger Sommer"]
[Site "14. Lichtenberger Sommer"]
[Date "2015.08.15"]
[Round "1.114"]
[White "Mayer, Herbert"]
[Black "Lieger, Lucas"]
[Result "1-0"]
[WhiteElo "1949"]
[BlackElo "851"]
[PlyCount "47"]
[EventDate "2015.??.??"]
[WhiteTeam "SC Rochade (Berlin)"]
[BlackTeam "SC Eintracht Berlin e.V."]

1. c4 d5 2. cxd5 Qxd5 3. Nc3 Qa5 4. e3 c6 5. f4 Qc7 6. Nf3 Bf5 7. Bc4 e6 8. O-O
Nd7 9. Nh4 Bc5 10. d4 Bb4 11. Qe2 Ne7 12. e4 Bg6 13. f5 exf5 14. exf5 O-O 15.
fxg6 Nxg6 16. Nxg6 hxg6 17. a3 Bd6 18. h3 Bh2+ 19. Kh1 Nf6 20. Ne4 Nxe4 21.
Qxe4 Rae8 22. Qxg6 Qg3 23. Bxf7+ Kh8 24. Qh5# 1-0

[Event "14. Lichtenberger Sommer"]
[Site "14. Lichtenberger Sommer"]
[Date "2015.08.15"]
[Round "1.115"]
[White "Janse, Circe"]
[Black "Zenkner, Christian"]
[Result "0-1"]
[WhiteElo "850"]
[BlackElo "1919"]
[PlyCount "84"]
[EventDate "2015.??.??"]
[WhiteTeam "SSV Klim-Op"]
[BlackTeam "SC Zugzwang 95 (Berlin)"]

1. e4 d5 2. exd5 Qxd5 3. Nc3 Qd6 4. Nf3 Nf6 5. Bc4 a6 6. d3 b5 7. Bb3 Bb7 8.
Bd2 e6 9. O-O Be7 10. Re1 O-O 11. Ne4 Nxe4 12. dxe4 c5 13. c3 Nc6 14. Be3 Qc7
15. Qe2 Na5 16. Bd2 Nxb3 17. axb3 Rfd8 18. Rad1 h6 19. e5 Rd7 20. Bf4 Rad8 21.
Rxd7 Qxd7 22. Bg3 Bxf3 23. Qxf3 Qd2 24. Rb1 Qc2 25. Re1 Qxb2 26. c4 Qd2 27. Rf1
b4 28. Qb7 Bf8 29. Qxa6 Qb2 30. Qa4 Rd3 31. Qa1 Qxb3 32. Qa6 Rd4 33. h3 Qxc4
34. Qxc4 Rxc4 35. Ra1 g5 36. f3 Rc2 37. Bf2 c4 38. Be3 b3 39. Rc1 Rxc1+ 40.
Bxc1 c3 41. Kf1 b2 42. Bxb2 cxb2 0-1

[Event "14. Lichtenberger Sommer"]
[Site "14. Lichtenberger Sommer"]
[Date "2015.08.15"]
[Round "1.116"]
[White "Rudolph, Stephanie"]
[Black "Semenishchev, Sergej"]
[Result "1-0"]
[WhiteElo "1910"]
[BlackElo "771"]
[PlyCount "55"]
[EventDate "2015.??.??"]
[WhiteTeam "SF Friedrichshagen"]
[BlackTeam "SC Friesen Lichtenberg"]

1. d4 d5 2. Nf3 Bf5 3. c4 e6 4. cxd5 exd5 5. Nc3 Nf6 6. Qb3 b6 7. Bg5 Be7 8.
Bxf6 Bxf6 9. Qxd5 Qxd5 10. Nxd5 Nc6 11. Nxc7+ Ke7 12. Nxa8 Rxa8 13. e3 Rc8 14.
Rc1 Kd8 15. Ba6 Nb4 16. Rxc8+ Bxc8 17. Bxc8 Kxc8 18. Kd2 Nxa2 19. Ra1 Nb4 20.
Rxa7 Nc6 21. Rxf7 Ne7 22. g4 h6 23. h4 Nd5 24. g5 hxg5 25. hxg5 Be7 26. e4 Bb4+
27. Kd3 Nf4+ 28. Rxf4 1-0

[Event "14. Lichtenberger Sommer"]
[Site "14. Lichtenberger Sommer"]
[Date "2015.08.15"]
[Round "1.117"]
[White "Cravet, Alexandra"]
[Black "Birkestrand, Odd"]
[Result "0-1"]
[WhiteElo "750"]
[BlackElo "1789"]
[PlyCount "90"]
[EventDate "2015.??.??"]
[WhiteTeam "SC Friesen Lichtenberg"]
[BlackTeam "Masfjorden Sjakklubb"]

1. e4 e5 2. Nf3 Nc6 3. Bc4 Nf6 4. d3 Be7 5. Nc3 d6 6. Be3 O-O 7. O-O Na5 8. d4
Nxc4 9. Bg5 Bg4 10. h3 Bh5 11. Qe2 exd4 12. Nd5 Nxd5 13. exd5 Bxg5 14. g4 Re8
15. Qxc4 Bg6 16. Qa4 Be4 17. Nxg5 Qxg5 18. Qxd4 Qxd5 19. Qxd5 Bxd5 20. Rfe1 Kf8
21. Rad1 Rxe1+ 22. Rxe1 Re8 23. Kf1 Rxe1+ 24. Kxe1 g5 25. b3 Ke7 26. c4 Bc6 27.
Ke2 Ke6 28. f3 Ke5 29. Ke3 a6 30. b4 b5 31. c5 dxc5 32. bxc5 Kd5 33. f4 f6 34.
fxg5 fxg5 35. Kf3 a5 36. Kg3 b4 37. h4 h6 38. h5 a4 39. Kf2 b3 40. axb3 axb3
41. Ke2 b2 42. Ke3 b1=Q 43. Kf3 Qe4+ 44. Kf2 Kd4 45. Kg3 Qg2# 0-1

[Event "14. Lichtenberger Sommer"]
[Site "14. Lichtenberger Sommer"]
[Date "2015.08.15"]
[Round "1.119"]
[White "Heldt, Ronny"]
[Black "Grothe, Michael"]
[Result "1-0"]
[WhiteElo "1922"]
[BlackElo "1220"]
[PlyCount "99"]
[EventDate "2015.??.??"]
[WhiteTeam "SC Kreuzberg"]
[BlackTeam "vereinslos"]

1. d4 d5 2. c4 Nf6 3. Nc3 e6 4. cxd5 exd5 5. Bg5 Be7 6. e3 h6 7. Bh4 Nc6 8. Bd3
O-O 9. Nf3 Bg4 10. h3 Bh5 11. g4 Bg6 12. Bxg6 fxg6 13. Ne5 Nxe5 14. dxe5 g5 15.
exf6 Bxf6 16. Bg3 c6 17. O-O Re8 18. Qb3 b6 19. e4 Kh8 20. exd5 Bxc3 21. Qxc3
Qxd5 22. a4 a5 23. Rad1 Qc5 24. Qxc5 bxc5 25. Rc1 Re2 26. Rxc5 Rxb2 27. Rxc6
Rb4 28. Ra1 Rb3 29. Kg2 Kh7 30. Be5 Rb7 31. Rc5 Ra6 32. Bc3 Rba7 33. Rd1 Kg8
34. Rdd5 Kf7 35. Rxa5 Rxa5 36. Rxa5 Rxa5 37. Bxa5 Ke7 38. Bc3 g6 39. Bg7 h5 40.
Bh6 hxg4 41. hxg4 Kd6 42. Bxg5 Kc6 43. Be3 Kb7 44. Kf3 Ka6 45. Kf4 Ka5 46. Kg5
Kxa4 47. Kxg6 Kb5 48. Kf7 Kc6 49. g5 Kd7 50. g6 1-0

[Event "14. Lichtenberger Sommer"]
[Site "14. Lichtenberger Sommer"]
[Date "2015.08.16"]
[Round "2.21"]
[White "Lorenz, Sascha"]
[Black "Birkholz, Axel"]
[Result "1-0"]
[WhiteElo "2222"]
[BlackElo "1895"]
[PlyCount "53"]
[EventDate "2015.??.??"]
[WhiteTeam "SK König Tegel"]
[BlackTeam "SR Spaichingen"]

1. c4 e6 2. g3 d5 3. Nf3 Nf6 4. Bg2 Be7 5. O-O O-O 6. b3 c5 7. Bb2 Nc6 8. e3 d4
9. exd4 cxd4 10. Re1 Bc5 11. a3 a5 12. d3 Re8 13. Ne5 Nxe5 14. Rxe5 Qc7 15. Re1
Bd7 16. Nd2 e5 17. Ne4 Nxe4 18. Bxe4 f5 19. Bd5+ Kh8 20. Qf3 Rf8 21. Bc1 Bc6
22. Bd2 Bxd5 23. Qxd5 f4 24. b4 Qc8 25. Rxe5 f3 26. Rh5 Be7 27. Qe4 1-0

[Event "14. Lichtenberger Sommer"]
[Site "14. Lichtenberger Sommer"]
[Date "2015.08.16"]
[Round "2.22"]
[White "Keusch, Horst"]
[Black "Jahnz, Fabian"]
[Result "0-1"]
[WhiteElo "1984"]
[BlackElo "2224"]
[PlyCount "76"]
[EventDate "2015.??.??"]
[WhiteTeam "SC Eintracht Berlin"]
[BlackTeam "SK König Tegel"]

1. f4 d5 2. Nf3 g6 3. e3 Bg7 4. d4 Nf6 5. Bd3 O-O 6. O-O c5 7. c3 Nc6 8. Nbd2
Qc7 9. Ne5 Ne8 10. Ndf3 Nd6 11. Nxc6 Qxc6 12. Ne5 Qc7 13. Qf3 Be6 14. Bd2 b5
15. Rac1 a5 16. Be1 Rfc8 17. Kh1 Qb7 18. Bd2 Ne4 19. Be1 Rc7 20. Qe2 Nd6 21.
Bf2 c4 22. Bb1 b4 23. Be1 Rb8 24. h3 Bf5 25. Bxf5 Nxf5 26. g4 Nd6 27. Nf3 Ne4
28. Ng5 bxc3 29. bxc3 Nd6 30. Qh2 h6 31. Nf3 Ne4 32. Rc2 Qc6 33. Nd2 Nd6 34.
Nf3 Rcb7 35. Rg1 Rb1 36. Nd2 R1b2 37. Nf3 Qb5 38. Rgg2 Rb1 0-1

[Event "14. Lichtenberger Sommer"]
[Site "14. Lichtenberger Sommer"]
[Date "2015.08.16"]
[Round "2.23"]
[White "Vogel, Robert"]
[Black "Becker, Jared"]
[Result "1-0"]
[WhiteElo "2218"]
[BlackElo "1968"]
[PlyCount "117"]
[EventDate "2015.??.??"]
[WhiteTeam "SG Pang-Rosenheim"]
[BlackTeam "SC Tarrasch München"]

1. d4 Nf6 2. c4 c5 3. d5 b5 4. cxb5 a6 5. bxa6 g6 6. Nc3 Bxa6 7. f4 Bg7 8. Nf3
d6 9. e4 Bxf1 10. Rxf1 O-O 11. Kf2 Nbd7 12. Kg1 Nb6 13. f5 Ng4 14. h3 Ne5 15.
Nxe5 Bxe5 16. Bh6 Bd4+ 17. Kh1 Bg7 18. Bxg7 Kxg7 19. b3 Nd7 20. a4 Ra5 21. Nb5
Ne5 22. Qd2 Qb6 23. Qf2 Ra6 24. f6+ exf6 25. Qxf6+ Kg8 26. Qe7 Qd8 27. Qb7 Qc8
28. Qxc8 Rxc8 29. Rfc1 Rb8 30. Kg1 Ra5 31. Nxd6 Rxb3 32. Nc4 Nxc4 33. Rxc4 Rb4
34. Rxb4 cxb4 35. Kf2 f5 36. exf5 Rxd5 37. fxg6 hxg6 38. Rb1 Rd2+ 39. Kf3 Ra2
40. Rxb4 Kg7 41. g3 Kf6 42. Kg4 Ra3 43. Rb6+ Kf7 44. Ra6 Kg7 45. h4 Kf7 46. Kf4
Kg7 47. g4 Rc3 48. Ra7+ Kf6 49. g5+ Ke6 50. Ra6+ Kf7 51. a5 Rc4+ 52. Ke5 Rxh4
53. Ra7+ Kg8 54. Kf6 Rf4+ 55. Kxg6 Rf8 56. a6 Rc8 57. Kh6 Rc6+ 58. g6 Rc8 59.
Rb7 1-0

[Event "14. Lichtenberger Sommer"]
[Site "14. Lichtenberger Sommer"]
[Date "2015.08.16"]
[Round "2.24"]
[White "Steiner, Wolfram"]
[Black "Rohde, Wolfgang"]
[Result "1/2-1/2"]
[WhiteElo "1968"]
[BlackElo "2164"]
[PlyCount "156"]
[EventDate "2015.??.??"]
[WhiteTeam "SC Weisse Dame e.V."]
[BlackTeam "SC Friesen Lichtenberg"]

1. d4 Nf6 2. Nf3 g6 3. e3 Bg7 4. Bd3 O-O 5. O-O d6 6. Nbd2 Nc6 7. c3 Re8 8. e4
a6 9. Re1 Nd7 10. Nf1 e5 11. Bg5 f6 12. Bh4 Kh8 13. Ne3 Ne7 14. Qd2 Bh6 15. Qc2
Bxe3 16. Rxe3 Ng8 17. dxe5 dxe5 18. Rd1 Qe7 19. Bg3 Nb6 20. Nh4 g5 21. Nf3 Bg4
22. h4 h6 23. Be2 Qe6 24. b3 Ne7 25. hxg5 hxg5 26. Nxg5 fxg5 27. Bxg4 Qxg4 28.
Bxe5+ Kg8 29. Rg3 Qh4 30. Bf6 Kf7 31. e5 Nbd5 32. Bxg5 Qh5 33. Bxe7 Nf4 34. e6+
Kxe7 35. Rg7+ Kf6 36. Rh7 Qg6 37. Qxg6+ Nxg6 38. Rxc7 Rec8 39. Rf7+ Kxe6 40.
Rxb7 Rxc3 41. Rb6+ Kf5 42. g4+ Kxg4 43. Rxg6+ Kf5 44. Rdd6 a5 45. Rdf6+ Ke5 46.
Ra6 Rh8 47. Rxa5+ Kf4 48. Ra4+ Kf5 49. Rg3 Rc1+ 50. Kg2 Rhh1 51. Rc4 Ra1 52. a4
Rhb1 53. Rgc3 Rh1 54. a5 Ke5 55. Re3+ Kd5 56. Ra4 Rhg1+ 57. Kf3 Rxa4 58. bxa4
Ra1 59. Rb3 Rxa4 60. Rb5+ Ke6 61. Kg3 Kd6 62. Rg5 Ke6 63. f3 Kf6 64. Rb5 Ke6
65. Rb6+ Kf5 66. Rb5+ Kf6 67. Rb6+ Kf5 68. a6 Ra2 69. Rc6 Ke5 70. Rh6 Kf5 71.
Rb6 Ke5 72. f4+ Kf5 73. Rb5+ Kf6 74. Rb6+ Kf5 75. Kf3 Ra3+ 76. Ke2 Kxf4 77. Kd2
Ke4 78. Kc2 Kd5 1/2-1/2

[Event "14. Lichtenberger Sommer"]
[Site "14. Lichtenberger Sommer"]
[Date "2015.08.16"]
[Round "2.25"]
[White "Reichenbach, Werner"]
[Black "Jaeger, Andre"]
[Result "1/2-1/2"]
[WhiteElo "2241"]
[BlackElo "1942"]
[PlyCount "39"]
[EventDate "2015.??.??"]
[WhiteTeam "SC Eintracht Berlin"]
[BlackTeam "SC Rochade (Berlin)"]

1. d4 Nf6 2. c4 d6 3. Nc3 Nbd7 4. e4 e5 5. Nf3 g6 6. Be2 Bg7 7. h3 O-O 8. d5
Nc5 9. Qc2 a5 10. Bg5 Bd7 11. O-O-O a4 12. Nd2 h6 13. Be3 c6 14. Bxc5 dxc5 15.
dxc6 Bxc6 16. Nf1 Qa5 17. Ne3 Rfd8 18. Ncd5 Bxd5 19. Nxd5 Nxd5 20. Rxd5 1/2-1/2

[Event "14. Lichtenberger Sommer"]
[Site "14. Lichtenberger Sommer"]
[Date "2015.08.16"]
[Round "2.27"]
[White "Postler, Reinhard"]
[Black "Lawrenz, Sebastian"]
[Result "1-0"]
[WhiteElo "2214"]
[BlackElo "1910"]
[PlyCount "77"]
[EventDate "2015.??.??"]
[WhiteTeam "TSG Oberschöneweide"]
[BlackTeam "SC Zitadelle Spandau"]

1. e4 d5 2. exd5 Qxd5 3. Nc3 Qa5 4. d4 Bf5 5. Bc4 e6 6. Nf3 Nf6 7. O-O c6 8.
Re1 Be7 9. Qe2 O-O 10. h3 Nd5 11. Ne4 Nd7 12. c3 Qc7 13. Ng3 Bg6 14. Bb3 Rae8
15. Ne5 Nxe5 16. dxe5 Bc5 17. Ne4 Qb6 18. Nxc5 Qxc5 19. h4 h5 20. Bg5 f6 21.
exf6 gxf6 22. Bh6 Rf7 23. Bc2 Kh7 24. Bf8 Qxf8 25. Qxh5+ Kg8 26. Bxg6 Rg7 27.
Bxe8 Nf4 28. Bf7+ Qxf7 29. Qxf7+ Kxf7 30. g3 f5 31. Rad1 Ke7 32. Kh2 Nd5 33.
Rd4 Kf6 34. c4 Nb4 35. Rd6 Re7 36. a3 Na6 37. b4 Nc7 38. f4 Ne8 39. Rd8 1-0

[Event "14. Lichtenberger Sommer"]
[Site "14. Lichtenberger Sommer"]
[Date "2015.08.16"]
[Round "2.28"]
[White "Khorolskyi, Borys"]
[Black "De Sallier, Francois"]
[Result "1-0"]
[WhiteElo "1936"]
[BlackElo "2131"]
[PlyCount "57"]
[EventDate "2015.??.??"]
[WhiteTeam "vereinslos"]
[BlackTeam "Club du Canal St-Martin Paris"]

1. b3 c5 2. c4 Nc6 3. Nc3 g6 4. Bb2 d6 5. g3 Bg7 6. Bg2 e6 7. Nf3 Nge7 8. O-O
O-O 9. e4 Rb8 10. d3 a6 11. Qd2 b6 12. Ne2 e5 13. Ne1 b5 14. f4 bxc4 15. dxc4
Qc7 16. Rd1 Nd4 17. fxe5 dxe5 18. Nc3 Bg4 19. Ra1 Qd7 20. Nd3 Qd6 21. Ba3 Rfc8
22. Qf2 f6 23. Nd5 Nxd5 24. cxd5 Nb5 25. Bxc5 Qc7 26. Rfc1 Bh6 27. Rf1 Bg7 28.
Rac1 f5 29. Bf8 1-0

[Event "14. Lichtenberger Sommer"]
[Site "14. Lichtenberger Sommer"]
[Date "2015.08.16"]
[Round "2.29"]
[White "Dimitrijeski, Kristian"]
[Black "Scheide, Helmut"]
[Result "1-0"]
[WhiteElo "2158"]
[BlackElo "1959"]
[PlyCount "105"]
[EventDate "2015.??.??"]
[WhiteTeam "SK König Tegel"]
[BlackTeam "USV Potsdam"]

1. d4 Nf6 2. c4 e6 3. Nc3 d5 4. cxd5 exd5 5. Bg5 Nbd7 6. e3 c6 7. Bd3 Be7 8.
Qc2 h6 9. Bh4 O-O 10. Nge2 Re8 11. h3 Ne4 12. Bxe7 Qxe7 13. Nxe4 dxe4 14. Bc4
Nb6 15. Bb3 a5 16. a3 a4 17. Ba2 Bf5 18. O-O Ra5 19. Qd2 Raa8 20. Rac1 Red8 21.
Ng3 Bg6 22. Rfd1 Nd5 23. Rc5 Nf6 24. Qc2 Nd7 25. Rc4 Nb6 26. Rb4 Ra6 27. Bc4
Nxc4 28. Rxc4 Ra5 29. Rxa4 Rad5 30. Rc1 h5 31. Rc4 f5 32. Ne2 Bf7 33. Nf4 R5d6
34. Rc5 g5 35. Re5 Qf6 36. Ne2 Rd5 37. Rxd5 Bxd5 38. Qd2 Rf8 39. Nc3 f4 40.
Nxd5 cxd5 41. Rc7 g4 42. exf4 gxh3 43. g3 h4 44. Kh2 hxg3+ 45. fxg3 Qb6 46. Rc5
Re8 47. Rxd5 e3 48. Qe2 Qc6 49. Qg4+ Kf8 50. Qf5+ Kg8 51. Qg5+ Kf7 52. Rf5+ Ke6
53. d5+ 1-0

[Event "14. Lichtenberger Sommer"]
[Site "14. Lichtenberger Sommer"]
[Date "2015.08.16"]
[Round "2.30"]
[White "Kievelitz, Bernd"]
[Black "Mahn, Franko"]
[Result "0-1"]
[WhiteElo "1922"]
[BlackElo "2169"]
[PlyCount "72"]
[EventDate "2015.??.??"]
[WhiteTeam "SC Zitadelle Spandau"]
[BlackTeam "SC Weisse Dame (Berlin)"]

1. Nf3 Nf6 2. c4 g6 3. Nc3 Bg7 4. e4 d6 5. d4 O-O 6. Be2 e5 7. Be3 Ng4 8. Bg5
f6 9. Bh4 Nc6 10. d5 Ne7 11. Nd2 f5 12. exf5 gxf5 13. h3 Nf6 14. g4 Ng6 15. Bg5
Nf4 16. Bxf4 exf4 17. Bf3 Re8+ 18. Kf1 Kh8 19. Qc2 Re5 20. g5 Ne4 21. h4 Nxc3
22. bxc3 b6 23. Be2 Bd7 24. Nf3 Re4 25. Bd3 Qe7 26. Bxe4 fxe4 27. Nd4 Bxd4 28.
cxd4 Bg4 29. Re1 e3 30. fxe3 fxe3 31. Kg2 e2 32. Kg3 h5 33. Qd2 Rf8 34. Rh2
Rf3+ 35. Kg2 Qe4 36. Qxe2 Re3+ 0-1

[Event "14. Lichtenberger Sommer"]
[Site "14. Lichtenberger Sommer"]
[Date "2015.08.16"]
[Round "2.32"]
[White "Schmidt, Jürgen"]
[Black "Kohler, Thomas"]
[Result "0-1"]
[WhiteElo "1936"]
[BlackElo "2206"]
[PlyCount "96"]
[EventDate "2015.??.??"]
[WhiteTeam "SC Kreuzberg"]
[BlackTeam "SC Zitadelle Spandau"]

1. e4 c5 2. Nf3 e6 3. Nc3 a6 4. a4 Qc7 5. d4 cxd4 6. Nxd4 Bb4 7. Bd2 Nf6 8. Bd3
Nc6 9. Nxc6 bxc6 10. O-O Bd6 11. f4 e5 12. f5 Bc5+ 13. Kh1 a5 14. Bg5 Be7 15.
Ne2 Qb6 16. Ng3 Qd8 17. Bxf6 Bxf6 18. Nh5 O-O 19. Rf3 d5 20. Nxf6+ Qxf6 21. Qe1
Ba6 22. Bxa6 Rxa6 23. Rd1 d4 24. b3 c5 25. Qe2 Rb6 26. g4 Qg5 27. Rg1 Rc8 28.
Qe1 Rb4 29. h4 Qh6 30. Rh3 c4 31. g5 Qc6 32. g6 hxg6 33. fxg6 f5 34. Kh2 cxb3
35. cxb3 Qxe4 36. Qxe4 fxe4 37. h5 e3 38. h6 gxh6 39. Rxh6 Rb6 40. Rh5 Kg7 41.
Rh7+ Kg8 42. Rh5 Rcc6 43. Rxe5 Rxg6 44. Rg3 Rxg3 45. Kxg3 Rd6 46. Kf3 d3 47.
Rg5+ Kf7 48. Rg1 Re6 0-1

[Event "14. Lichtenberger Sommer"]
[Site "14. Lichtenberger Sommer"]
[Date "2015.08.16"]
[Round "2.33"]
[White "Niehaus, Frank"]
[Black "Baier, Reinhard"]
[Result "1/2-1/2"]
[WhiteElo "2203"]
[BlackElo "1976"]
[PlyCount "110"]
[EventDate "2015.??.??"]
[WhiteTeam "SK König Tegel"]
[BlackTeam "Berliner SchGes Eckbauer"]

1. e4 c5 2. Nc3 Nc6 3. f4 d6 4. Nf3 e6 5. Bb5 Bd7 6. a4 Nge7 7. O-O g6 8. d3
Bg7 9. Bc4 Nd4 10. Nxd4 cxd4 11. Ne2 O-O 12. Qe1 Bc6 13. Bb3 Rc8 14. Qh4 Qc7
15. f5 exf5 16. exf5 Nxf5 17. Rxf5 gxf5 18. Ng3 Kh8 19. Nxf5 Be5 20. Bg5 f6 21.
Bh6 d5 22. Bg7+ Kg8 23. Qg4 Kf7 24. Nh6+ Ke7 25. Re1 Rf7 26. Nf5+ Kd8 27. Bh6
Qd7 28. Bf4 Kc7 29. Rxe5 fxe5 30. Bxe5+ Kb6 31. Qxd4+ Ka6 32. Nd6 Rcf8 33. h3
Re7 34. Nb5 Bxb5 35. axb5+ Qxb5 36. Bxd5 Qb6 37. Kh2 Qxd4 38. Bxd4 Rd7 39. c4
Rxd5 40. cxd5 Rd8 41. Bf6 Rxd5 42. g4 Rxd3 43. g5 Kb5 44. h4 Kc6 45. h5 Rd6 46.
Bg7 Kd5 47. g6 hxg6 48. h6 a5 49. h7 Rd8 50. h8=Q Rxh8+ 51. Bxh8 Ke4 52. Kg3
Kf5 53. Bd4 Ke4 54. Bc3 a4 55. Kg4 Kd3 1/2-1/2

[Event "14. Lichtenberger Sommer"]
[Site "14. Lichtenberger Sommer"]
[Date "2015.08.16"]
[Round "2.34"]
[White "Schubert, Joachim"]
[Black "Gallien, Fabian"]
[Result "1/2-1/2"]
[WhiteElo "1845"]
[BlackElo "2145"]
[PlyCount "59"]
[EventDate "2015.??.??"]
[WhiteTeam "SC Friesen Lichtenberg"]
[BlackTeam "SC Schwarz-Weiß Lichtenrade e.V."]

1. e4 e6 2. Nf3 d5 3. Nc3 Nf6 4. e5 Nfd7 5. d4 c5 6. dxc5 Nc6 7. Bf4 Bxc5 8.
Bd3 f6 9. exf6 Nxf6 10. O-O O-O 11. Bg5 a6 12. a3 Bd6 13. Qd2 Qc7 14. Rad1 Kh8
15. Rfe1 Bd7 16. Bh4 Rae8 17. Bg3 Bxg3 18. hxg3 Re7 19. Qg5 Be8 20. Qh4 Bf7 21.
g4 Qf4 22. Nh2 e5 23. g3 Qh6 24. Qxh6 gxh6 25. f3 Rfe8 26. Bf5 Nd4 27. Kf2 Bg6
28. Bxg6 hxg6 29. Rd2 g5 30. f4 1/2-1/2